000
00300nam a22001217a 4500
008
160523b xxu||||| |||| 00| 0 eng d
020
_a
9780131915640
020
_a
0131915649
041
_a
eng
080
_a
615
245
_a
Prentice hall psychiatric drug guide:
_c
Eileen Trigoboff;
942
_2
udc
_c
BK
999
_c
2410
_d
2410